000 00919nam a2200289Ia 4500
001 C5102
003 IT-RoPAU
008 130308s9999 xx 000 0 und d
040 _aIT-RoPAU
040 _cIT-RoPAU
041 _aITALIANO
100 _aAA.VV.
100 _gCodice Aut. SPICS: 12000
245 _aMusica & terapia-0-Quaderni italiani di musicoterapia
245 _bMusica & Terapia-0-Quaderni Italiani di musicoterapia
250 _a1a ed.
260 _aGENOVA
260 _bErga Edizioni
260 _c1992 [1° Ed.:1992 - Ed.Ling.Originale:1992]
300 _a"32 p. (prefazione: no ; testo: 32 [pagine: 0-0])"
500 _aContributi di Autori vari Sull'Argomento Musica e Terapia. musicoterapia in Ambito Internazionale. recensioni e Segnalazioni Bibliografiche.
650 _aSAGGI MUSICALI
650 _eCodice materia Spics: 7011
942 _cBK
957 _71
999 _c87390
_d87390
999 _g1